000 00932nam a2200253Ia 4500
003 OSt
005 20221005113025.0
006 a|||||r|||| 00| 0
007 ta
008 221004b |||||||| |||| 00| 0 pan d
020 _a8171165605 (hbk)
_c175
024 _a104544
037 _b7830/IV/A, 31/01/2011, Arsee Publishers
_cTextual
040 _aCRL
_cCRL
_bpan
041 _2pan
_apan
082 _aO153,2N371:g, Q1
100 _aਮੁਨੀ ਕੁਮਾਰ
245 0 _aਰਵਿੰਦਰ ਰਵੀ ਦੇ ਕਾਵਿੑਨਾਟਕਾਂ ਦਾ ਸੰਰਚਨਾਤਮਕ ਅਧਿਐਨ
260 _aਦਿੱਲੀ
_bਨੈਨਲ ਬੁਕ ਾਪ ਭਾਰਤ
_c2011
300 _a104ਪੰ
_ccm.
650 _aਪੰਜਾਬੀ ਸਾਹਿਤ
942 _hO153,2N371:g, Q1
_cTEXL
_2cc
999 _c1026797
_d1026797